[Event "AUTO-MASTER-224"]
[Site "http://www.queenalice.com/game.php?id=124351"]
[Date "2006.11.1"]
[Round "1"]
[White "Skipslot"]
[Black "Msid"]
[Result "1-0"]
[WhiteElo "2075"]
[BlackElo "1947"]

1. e4 e6 2. d4 d5 3. Nd2 Nf6 4. e5 Ne4 5. Nxe4 dxe4 6. Be3 c5 7. dxc5 Qc7 8. Qd4
Nc6 9. Qxe4 Nxe5 10. Bf4 Ng6 11. Bxc7 1-0

[Event "AUTO-ELITE-89"]
[Site "http://www.queenalice.com/game.php?id=131147"]
[Date "2006.11.19"]
[Round "1"]
[White "pensalo"]
[Black "Skipslot"]
[Result "1/2-1/2"]
[WhiteElo "2275"]
[BlackElo "2285"]

1. e4 e5 2. Nf3 Nc6 3. Bb5 a6 4. Ba4 Nf6 5. O-O Be7 6. Re1 b5 7. Bb3 d6 8. c3
O-O 9. h3 Na5 10. Bc2 c5 11. d4 Qc7 12. d5 Nc4 13. a4 Bd7 14. b3 Na5 15. Nbd2 g6
16. b4 cxb4 17. cxb4 Rfc8 18. Ra2 Nc4 19. a5 Nh5 20. Bd3 Nf4 21. Bf1 Rab8 22.
Rc2 Qb7 23. Nxc4 bxc4 24. Bxf4 exf4 25. Bxc4 Qxb4 26. Bxa6 Rxc2 27. Qxc2 Qxa5
28. Bd3 Bf6 29. Rb1 Rxb1+ 30. Qxb1 Kg7 31. Qc1 1/2-1/2

[Event "AUTO-ELITE-89"]
[Site "http://www.queenalice.com/game.php?id=131148"]
[Date "2006.11.19"]
[Round "1"]
[White "Skipslot"]
[Black "pensalo"]
[Result "1/2-1/2"]
[WhiteElo "2295"]
[BlackElo "2289"]

1. e4 e6 2. d4 d5 3. Nd2 Nf6 4. e5 Nfd7 5. Bd3 c5 6. c3 Nc6 7. Ne2 Qb6 8. Nf3
cxd4 9. cxd4 Bb4+ 10. Bd2 f6 11. exf6 Nxf6 12. Bxb4 Nxb4 13. O-O O-O 14. Re1 Bd7
15. Nc3 Rac8 16. Be2 Nc6 17. Na4 Qa5 18. Nc5 Nxd4 19. Nxd7 Nxf3+ 20. Bxf3 Nxd7
21. Rxe6 Nf6 22. Re5 Kh8 23. g3 Rce8 24. Rxe8 Rxe8 25. Kg2 Qb6 26. Qc2 a6 27.
Rd1 1/2-1/2

[Event "AUTO-ELITE-89"]
[Site "http://www.queenalice.com/game.php?id=131155"]
[Date "2006.11.19"]
[Round "1"]
[White "Skipslot"]
[Black "Mirok"]
[Result "1-0"]
[WhiteElo "2265"]
[BlackElo "2248"]

1. d4 Nf6 2. c4 c5 3. d5 g6 4. Nc3 Bg7 5. e4 d6 6. Nf3 O-O 7. Be2 e5 8. Bg5 h6
9. Be3 Ng4 10. Bd2 f5 11. O-O Nf6 12. exf5 gxf5 13. Qc1 Kh7 14. Nh4 Na6 15. g3
Bd7 16. a3 Nc7 17. Qc2 e4 18. f3 Qe8 19. Bf4 Qe7 20. Rae1 Rg8 21. fxe4 Nxe4 22.
Bg4 Bd4+ 23. Kh1 Rxg4 24. Nxe4 Nxd5 25. cxd5 Qf7 26. Nc3 Bxc3 27. bxc3 Qxd5+ 28.
Kg1 1-0

[Event "AUTO-ELITE-89"]
[Site "http://www.queenalice.com/game.php?id=131156"]
[Date "2006.11.19"]
[Round "1"]
[White "Mirok"]
[Black "Skipslot"]
[Result "0-1"]
[WhiteElo "2240"]
[BlackElo "2284"]

1. c4 e5 2. g3 Nf6 3. Bg2 d5 4. cxd5 Nxd5 5. Nc3 Nb6 6. Nf3 Nc6 7. O-O Be7 8. a3
O-O 9. b4 Be6 10. Rb1 f6 11. d3 a5 12. b5 Nd4 13. Nd2 Ra7 14. e3 Nf5 15. Qc2 Qd7
16. Rd1 Rd8 17. Nc4 a4 18. Bb2 Qe8 19. Ne4 Raa8 20. Qe2 Bd5 21. Nxb6 cxb6 22. d4
exd4 23. exd4 Kh8 24. Bh3 Nd6 25. Nxd6 Bxd6 26. Qxe8+ Rxe8 27. Re1 Kg8 28. Rbc1
Kf7 29. Bd7 Rxe1+ 30. Rxe1 Bc4 31. f4 Rd8 32. Bf5 g6 33. Be4 Rd7 34. Rc1 Bxb5
35. Bd5+ Ke7 36. Bg8 Bd3 37. Kf2 b5 38. Re1+ Kf8 39. Ba2 b4 40. axb4 Bxb4 41.
Re6 Rd6 42. Re3 Rc6 43. Rxd3 Rc2+ 44. Ke3 Rxb2 45. Bc4 Rxh2 46. Rd1 Rc2 0-1

[Event "Challenge"]
[Site "http://www.queenalice.com/game.php?id=137295"]
[Date "2006.12.5"]
[Round "-"]
[White "mgv"]
[Black "Skipslot"]
[Result "0-1"]
[WhiteElo "1947"]
[BlackElo "2244"]

1. e4 e5 2. Nf3 Nc6 3. Bc4 Bc5 4. c3 Nf6 5. d4 exd4 6. e5 d5 7. exf6 dxc4 8.
cxd4 Bb4+ 9. Nc3 Qxf6 10. O-O O-O 11. Re1 Bg4 12. Re4 Bxf3 13. Qxf3 Qxf3 14.
gxf3 f5 0-1

[Event "Challenge"]
[Site "http://www.queenalice.com/game.php?id=138829"]
[Date "2006.12.8"]
[Round "-"]
[White "Skipslot"]
[Black "Bergman"]
[Result "1/2-1/2"]
[WhiteElo "2260"]
[BlackElo "2325"]

1. e4 c5 2. Nf3 d6 3. d4 cxd4 4. Nxd4 Nf6 5. Nc3 a6 6. Be3 e5 7. Nb3 Be7 8. f3
O-O 9. Qd2 Be6 10. O-O-O Nbd7 11. g4 b5 12. g5 Nh5 13. Nd5 Bxd5 14. exd5 Qc7 15.
Kb1 Nb6 16. Na5 Nxd5 17. Qxd5 Qxa5 18. c4 Qb4 19. Bd2 Qa4 20. b3 Qa3 21. Bd3
bxc4 22. Qxc4 Rab8 23. Rhe1 a5 24. Qd5 Kh8 25. Re4 f6 26. Bc1 Qc5 27. Qxc5 dxc5
28. gxf6 Nxf6 29. Rxe5 Bd6 30. Re2 a4 31. Bc4 Bc7 32. h3 axb3 33. axb3 Rfe8 34.
Rxe8+ Rxe8 35. Kc2 h6 36. f4 Kh7 37. f5 Re4 38. Ba3 Re3 1/2-1/2

[Event "Challenge"]
[Site "http://www.queenalice.com/game.php?id=138830"]
[Date "2006.12.8"]
[Round "-"]
[White "Bergman"]
[Black "Skipslot"]
[Result "1/2-1/2"]
[WhiteElo "2318"]
[BlackElo "2254"]

1. d4 d5 2. c4 c6 3. Nf3 Nf6 4. Nc3 dxc4 5. a4 Bf5 6. Ne5 Nbd7 7. Nxc4 Nb6 8.
Ne5 a5 9. f3 Nbd7 10. e4 Be6 11. Nxd7 Bxd7 12. Qb3 e6 13. Qxb7 Rb8 14. Qa6 Be7
15. Be2 Rb4 16. Be3 Rxb2 17. O-O Rb6 18. Qd3 O-O 19. d5 exd5 20. e5 Ne8 21. Bxb6
Qxb6+ 22. Kh1 g6 23. f4 Qa7 24. Rad1 Ng7 25. g4 f5 26. exf6 Rxf6 27. Bf3 Bb4 28.
Ne2 Qc5 29. Rg1 Qd6 30. Rg3 Rf7 31. f5 gxf5 32. gxf5 Bxf5 33. Qa6 Kh8 34. Nd4
Bd7 35. Bg4 Be8 36. Qe2 Rf6 37. Bf5 Bf7 38. Bc2 Bc5 39. Rh3 Bg8 1/2-1/2

[Event "Challenge030107"]
[Site "http://www.queenalice.com/game.php?id=149766"]
[Date "2007.1.4"]
[Round "-"]
[White "Skipslot"]
[Black "fgonper"]
[Result "1/2-1/2"]
[WhiteElo "2294"]
[BlackElo "2148"]

1. d4 Nf6 2. c4 e6 3. Nf3 b6 4. Nc3 Bb7 5. a3 d5 6. cxd5 Nxd5 7. Qc2 Nxc3 8.
bxc3 Nd7 9. e4 c5 10. Bf4 cxd4 11. cxd4 Rc8 12. Qb3 Be7 13. Bd3 Nf6 14. Qb5+ Bc6
15. Qb1 O-O 16. O-O Nh5 17. Bd2 Qd7 18. Rc1 Ba4 19. Qb2 Rxc1+ 20. Rxc1 Rc8 21.
h3 Rxc1+ 22. Qxc1 Qc6 23. Qb2 Qc7 24. e5 g6 25. Nh2 Bc6 26. Ng4 Bb7 1/2-1/2

[Event "AUTO-ELITE-97"]
[Site "http://www.queenalice.com/game.php?id=170700"]
[Date "2007.2.18"]
[Round "1"]
[White "ENDHER"]
[Black "Skipslot"]
[Result "0-1"]
[WhiteElo "2331"]
[BlackElo "2296"]

1. e4 c5 2. Nc3 Nc6 3. Nf3 d6 4. d4 cxd4 5. Nxd4 Nf6 6. Bc4 Qb6 7. Nb3 g6 8. Bg5
Bg7 9. Bxf6 Bxf6 10. Nd5 Qd8 11. Nxf6+ exf6 12. Qd2 O-O 13. O-O-O Qe7 14. Rhe1
Rd8 15. h4 Bg4 16. f3 Be6 17. Bd5 a5 18. h5 a4 19. Nd4 Nxd4 20. Qxd4 a3 21. b3
Rac8 22. hxg6 hxg6 23. Kb1 Kg7 24. c4 Bxd5 25. exd5 Qd7 26. g4 Rh8 27. Qd3 Rh3
28. Rd2 Rb8 29. Qf1 Rbh8 30. Rc1 Qe8 31. Re2 Qd8 32. Qe1 Rxf3 33. Qb4 Qd7 34.
Rg2 Qe7 35. Rgc2 Qe4 36. Qxa3 Rh2 37. Qb2 Rg3 38. b4 Rxg4 39. Ka1 Rgg2 40. Rxg2
Rxg2 41. Qb3 Rd2 42. a3 g5 43. Qc3 Qg2 44. Qb3 g4 45. Qc3 g3 46. c5 dxc5 47.
bxc5 Rxd5 48. c6 bxc6 49. a4 Qf2 50. Qxc6 Rd2 51. Qc3 g2 0-1

[Event "AUTO-ELITE-97"]
[Site "http://www.queenalice.com/game.php?id=170701"]
[Date "2007.2.18"]
[Round "1"]
[White "Skipslot"]
[Black "ENDHER"]
[Result "1-0"]
[WhiteElo "2319"]
[BlackElo "2337"]

1. e4 e5 2. Nf3 Nc6 3. Bb5 a6 4. Ba4 Nf6 5. O-O Be7 6. Re1 b5 7. Bb3 O-O 8. h3
d6 9. c3 Na5 10. Bc2 c6 11. d4 Qc7 12. Nbd2 Nb7 13. Nf1 a5 14. a4 b4 15. Ne3 Rb8
16. Bd2 b3 17. Bb1 Re8 18. Bd3 Bf8 19. Qb1 Be6 20. Nf5 Bxf5 21. exf5 h6 22. Re3
Re7 23. Ba6 e4 24. Nh2 d5 25. Ng4 Nxg4 26. hxg4 c5 27. dxc5 Qxc5 28. Rh3 Nd6 29.
Bf4 Qb6 30. Qf1 Ra8 31. Be2 Rd8 32. Be3 Qc7 33. f6 Re6 34. fxg7 Bxg7 35. Ra3 Nc4
36. Rxb3 Nxe3 37. fxe3 Rb8 38. Rb5 Rxb5 39. axb5 Rf6 40. Qd1 Qc5 41. Qa4 Qb6 42.
Qc2 Rg6 43. Qd1 Rg5 44. Kf2 Bf8 45. Ke1 Bc5 46. Kd2 Kg7 47. Qg1 a4 48. Kc2 a3
49. b4 Bd6 50. Qa1 Qa7 51. Kb3 Be5 52. Qxa3 Qxa3+ 53. Kxa3 Bxc3 54. Kb3 Be5 55.
b6 f5 56. b7 f4 57. Ka4 fxe3 58. Rxe3 Kf7 59. Kb5 Bb8 60. Ra3 Rg8 61. Ra6 Kg7
62. Rc6 Rf8 63. Kc5 Rf7 64. Ba6 Rc7 65. Rxc7+ Bxc7 66. Kxd5 e3 67. Ke4 1-0

[Event "AUTO-ELITE-97"]
[Site "http://www.queenalice.com/game.php?id=170706"]
[Date "2007.2.18"]
[Round "1"]
[White "LoveChess"]
[Black "Skipslot"]
[Result "1-0"]
[WhiteElo "2353"]
[BlackElo "2340"]

1. d4 Nf6 2. c4 e6 3. Nf3 Nc6 4. e3 g6 5. Nc3 Bg7 6. Be2 O-O 7. O-O d5 8. Ne5
Nxe5 9. dxe5 Ne4 10. f4 f6 11. Nxe4 dxe4 12. exf6 Qxf6 13. Qc2 Bd7 14. Bd2 Bc6
15. b4 a6 16. Rab1 Rfd8 17. Rfd1 g5 18. Rf1 Rd7 19. b5 axb5 20. cxb5 Bd5 21. a4
b6 22. Bg4 gxf4 23. Rxf4 Qg5 24. h4 Qg6 25. h5 Qg5 26. Be2 Qh6 27. Rg4 Rf8 28.
a5 bxa5 29. Rg3 a4 30. Bb4 Rb8 31. Ba5 Rf8 32. Bxc7 Kh8 33. Bf4 Rxf4 34. exf4
Bd4+ 35. Kh2 Qf6 36. Rf1 e5 37. Qxa4 Ra7 38. Qb4 Ra1 39. Rg4 Rxf1 40. Bxf1 Qf5
41. Rh4 1-0

[Event "AUTO-ELITE-97"]
[Site "http://www.queenalice.com/game.php?id=170707"]
[Date "2007.2.18"]
[Round "1"]
[White "Skipslot"]
[Black "LoveChess"]
[Result "0-1"]
[WhiteElo "2321"]
[BlackElo "2365"]

1. e4 c5 2. Nf3 Nc6 3. d4 cxd4 4. Nxd4 Nf6 5. Nc3 d6 6. Bg5 e5 7. Bxf6 gxf6 8.
Nxc6 bxc6 9. Bc4 f5 10. Qh5 Qf6 11. Qf3 Qh4 12. Bb3 Qg4 13. Qd3 Bd7 14. O-O Rg8
15. g3 fxe4 16. Nxe4 Rg6 17. Rfe1 Be7 18. Rad1 Rh6 19. h4 Qg7 20. Qc3 Kf8 21.
Rd3 Be8 22. Ng5 Bxg5 23. hxg5 Qxg5 24. f4 Qh5 25. fxe5 Bd7 26. e6 d5 27. Qb4+
Kg7 28. Qd4+ Kg6 29. Kf2 Qh2+ 30. Kf3 Bxe6 31. Qf4 Kg7 32. Ke3 Rf6 33. Qg5+ Rg6
34. Qe5+ Kg8 35. Re2 Qh6+ 36. Kf2 Bg4 37. Ree3 Rg5 38. Qd4 c5 39. Qf4 Rf5 40.
Qxf5 Qh2+ 41. Ke1 Bxf5 0-1

[Event "Let's Play Chess!"]
[Site "http://www.queenalice.com/game.php?id=183256"]
[Date "2007.3.21"]
[Round "-"]
[White "vlad"]
[Black "Skipslot"]
[Result "0-1"]
[WhiteElo "2389"]
[BlackElo "2339"]

1. c4 e5 2. g3 Nf6 3. Bg2 Nc6 4. Nc3 Bc5 5. Nf3 d6 6. O-O O-O 7. a3 a5 8. d3 h6
9. e3 Bb6 10. b3 Re8 11. Bb2 Bg4 12. Qc2 Qd7 13. Nd2 Bh3 14. Nde4 Nxe4 15. Bxh3
Qxh3 16. dxe4 Ba7 17. Nd5 Qd7 18. b4 Nd8 19. Rfd1 c6 20. Nc3 Ne6 21. c5 Ng5 22.
Qe2 Bb8 23. f4 Nh7 24. cxd6 Bxd6 25. fxe5 Rxe5 26. Na4 Qc7 27. Bxe5 Bxe5 28. Ra2
Ng5 29. Nc5 b6 30. h4 Nh7 31. Nd7 Bxg3 32. Qg4 axb4 33. Rg2 Be5 34. axb4 Nf8 35.
Nxf8 Kxf8 36. Rd7 Ra1+ 37. Kf2 Qb8 38. h5 Ke8 39. Rg1 Rxg1 40. Kxg1 Bf6 41. Kg2
Qe5 42. Kh3 Qb8 43. Qf5 b5 44. Kg2 Qe5 45. Qxe5+ Bxe5 46. Rd1 Ke7 47. Kf3 Ke6
48. Rc1 Kd7 49. Kg4 g6 50. hxg6 fxg6 0-1

[Event "Challenge"]
[Site "http://www.queenalice.com/game.php?id=185233"]
[Date "2007.3.20"]
[Round "-"]
[White "Skipslot"]
[Black "Carlos75"]
[Result "0-1"]
[WhiteElo "2300"]
[BlackElo "2385"]

1. e4 e5 2. Nf3 Nc6 3. Bc4 Bc5 4. c3 Nf6 5. d3 O-O 6. O-O d6 7. Bb3 a6 8. Re1
Ba7 9. Be3 Bxe3 10. Rxe3 Nh5 11. g3 Nf6 12. Nbd2 Qd7 13. Qf1 Qg4 14. d4 Qh5 15.
d5 Ne7 16. Qc4 Ne8 17. a4 a5 18. Bd1 Qh6 19. Bc2 f5 20. exf5 Bxf5 21. Bxf5 Nxf5
22. Re2 Rb8 23. Rf1 Kh8 24. Ne4 c6 25. dxc6 bxc6 26. Neg5 Qg6 27. Qxc6 Nf6 28.
Rfe1 Qh5 29. Kg2 h6 30. Ne4 Ne7 31. Nxf6 Rxf6 32. Qe4 d5 33. Qe3 e4 34. Nd4 Rbf8
35. Kh1 Qh3 36. Rg1 Nf5 37. Nxf5 Rxf5 38. Qc5 Qg4 39. Rge1 h5 40. Kg1 h4 41. Qe7
h3 42. Qh4+ Qxh4 43. gxh4 R8f6 44. b4 Rg6+ 45. Kh1 Rc6 46. bxa5 Rxc3 47. Ra1 Rf6
48. Kg1 Kg8 49. Re3 Rc2 50. Rxh3 Rfxf2 51. Rb1 Kh7 52. Rg3 Rfd2 53. Ra1 Rc6 54.
Rg2 Rd3 55. Kf2 e3+ 56. Ke1 d4 57. h5 Rb3 58. Re2 Re6 59. a6 Rxa6 60. Kd1 Kh6
0-1

[Event "Challenge"]
[Site "http://www.queenalice.com/game.php?id=185234"]
[Date "2007.3.20"]
[Round "-"]
[White "Carlos75"]
[Black "Skipslot"]
[Result "1-0"]
[WhiteElo "2345"]
[BlackElo "2305"]

1. e4 e5 2. Nf3 Nc6 3. Bb5 a6 4. Ba4 Nf6 5. O-O Be7 6. Re1 b5 7. Bb3 O-O 8. c3
Bc5 9. d4 exd4 10. cxd4 Bb4 11. Bd2 Bxd2 12. Nbxd2 d5 13. e5 Nh5 14. Qc1 Ne7 15.
Nf1 Bg4 16. Bd1 g6 17. Ne3 Be6 18. Qc3 c6 19. Ng5 Ng7 20. Ng4 Bxg4 21. Bxg4 Nef5
22. Nf3 Qb6 23. Rac1 Rac8 24. Qd2 Rc7 25. Bh3 Rfc8 26. Rc5 a5 27. Rec1 a4 28. g4
Ne7 29. Qh6 Ne6 30. Ng5 Nxg5 31. Qxg5 Qa5 32. R1c3 Qb4 33. Qd2 Rb7 34. Bf1 Kg7
35. f4 Rg8 36. Kh1 Kh8 37. Qf2 Rf8 38. a3 Qa5 39. Qh4 Ng8 40. Rxc6 b4 41. R3c5
1-0

[Event "Challenge"]
[Site "http://www.queenalice.com/game.php?id=195531"]
[Date "2007.4.12"]
[Round "-"]
[White "Germano"]
[Black "Skipslot"]
[Result "1/2-1/2"]
[WhiteElo "2276"]
[BlackElo "2301"]

1. e4 e5 2. Nf3 Nc6 3. Bc4 Bc5 4. c3 Nf6 5. d3 d6 6. O-O O-O 7. b4 Bb6 8. Nbd2
Ne7 9. Bb3 Ng6 10. Nc4 Be6 11. a4 c6 12. Nxb6 Bxb3 13. Qxb3 axb6 14. Be3 d5 15.
Qc2 1/2-1/2

[Event "AUTO-MASTER-224"]
[Site "http://www.queenalice.com/game.php?id=207440"]
[Date "2007.5.7"]
[Round "2"]
[White "Skipslot"]
[Black "edvz"]
[Result "1/2-1/2"]
[WhiteElo "2305"]
[BlackElo "2132"]

1. e4 c5 2. Nf3 d6 3. d4 cxd4 4. Nxd4 Nf6 5. Nc3 a6 6. Be3 Ng4 7. Bg5 h6 8. Bh4
g5 9. Bg3 Nc6 10. Be2 Nge5 11. Qd2 Nxd4 12. Qxd4 Bg7 13. O-O-O b5 14. h4 g4 15.
Nd5 Rb8 16. Kb1 O-O 17. Bxe5 Bxe5 1/2-1/2

[Event "AUTO-MASTER-224"]
[Site "http://www.queenalice.com/game.php?id=207441"]
[Date "2007.5.7"]
[Round "2"]
[White "edvz"]
[Black "Skipslot"]
[Result "0-1"]
[WhiteElo "2173"]
[BlackElo "2307"]

1. e4 e5 2. Nf3 Nc6 3. Bb5 a6 4. Ba4 Nf6 5. O-O b5 6. Bb3 Bd6 7. Re1 O-O 8. d4
Bb7 9. d5 Na5 10. Bg5 h6 11. Bd2 Nxb3 12. axb3 Re8 13. c4 c6 14. Nh4 cxd5 15.
exd5 e4 16. Nf5 Be5 17. Ba5 Qb8 18. g3 Bxb2 19. Ra2 Be5 20. Nc3 g6 21. Nxh6+ Kg7
22. Nxf7 Kxf7 23. Nxe4 Nxe4 24. Rxe4 Qd6 25. Qf3+ Qf6 26. Qe3 Bd6 27. Re2 Rxe4
28. Qxe4 Bc5 29. Bd2 Qf5 30. Qh4 Qh5 31. Qf4+ Kg8 32. g4 Qh4 33. Qe4 Kh7 34. Bc3
Rf8 35. Qe5 Qxg4+ 36. Kf1 Qh3+ 37. Ke1 Qh6 38. Kd1 Kg8 39. Qc7 Ba3 40. Bd2 Qh8
41. Re3 Rxf2 42. Bc3 Qh5+ 43. Ke1 Rf7 44. Qxb7 Qh4+ 45. Kd1 Qg4+ 46. Kc2 Rf2+
47. Kd3 Qd1+ 48. Ke4 Qb1+ 49. Rd3 Qh1+ 50. Kd4 Rf4+ 51. Ke3 Bc1+ 0-1

[Event "AUTO-MASTER-224"]
[Site "http://www.queenalice.com/game.php?id=207442"]
[Date "2007.5.7"]
[Round "2"]
[White "Skipslot"]
[Black "dilucia"]
[Result "1-0"]
[WhiteElo "2292"]
[BlackElo "2312"]

1. e4 c5 2. Nf3 d6 3. d4 cxd4 4. Nxd4 Nf6 5. Nc3 a6 6. Be3 e6 7. f3 b5 8. Bd3 b4
9. Nce2 e5 10. Nb3 d5 11. exd5 Nxd5 12. Bf2 Be6 13. O-O Nc6 14. f4 exf4 15. Be4
Rc8 16. Qe1 Ne3 17. Nxf4 Nxf1 18. Nxe6 fxe6 19. Qxf1 Bd6 20. Qxa6 Ne7 21. Qd3
Qc7 22. Qh3 Be5 23. Nc5 Bxb2 24. Re1 Bc3 25. Nxe6 Qd6 26. Rf1 g6 27. Bg3 Qb6+
28. Kh1 Qa5 29. Bh4 Qe5 30. Qg4 1-0

[Event "AUTO-MASTER-224"]
[Site "http://www.queenalice.com/game.php?id=207443"]
[Date "2007.5.7"]
[Round "2"]
[White "dilucia"]
[Black "Skipslot"]
[Result "1/2-1/2"]
[WhiteElo "2313"]
[BlackElo "2291"]

1. e4 e5 2. Nf3 Nc6 3. Bb5 a6 4. Ba4 Nf6 5. O-O Bc5 6. c3 b5 7. Bb3 d6 8. a4 Bb7
9. d4 Bb6 10. Bg5 h6 11. Bxf6 Qxf6 12. Bd5 exd4 13. cxd4 O-O 14. Na3 Ra7 15.
axb5 axb5 16. Rc1 Nxd4 17. Nxd4 Bxd4 18. Nxb5 Bxd5 19. exd5 Ra5 20. Qxd4 Rxb5
21. Qxf6 gxf6 22. Rxc7 Rfb8 23. Rd1 Rxb2 24. g3 Rb1 25. Rcc1 Rxc1 26. Rxc1 Rb5
27. Rd1 Kg7 28. Rd4 1/2-1/2

[Event "AUTO-ELITE-89"]
[Site "http://www.queenalice.com/game.php?id=223434"]
[Date "2007.6.11"]
[Round "2"]
[White "Skipslot"]
[Black "vlad"]
[Result "1/2-1/2"]
[WhiteElo "2315"]
[BlackElo "2549"]

1. e4 e5 2. Nf3 Nc6 3. d4 exd4 4. Nxd4 Bc5 5. Nxc6 Qf6 6. Qd2 dxc6 7. Nc3 Be6 8.
Na4 Bd6 9. Qe3 Nh6 10. h3 O-O 11. g4 Qg6 12. Bd2 b5 13. Nc3 b4 14. Ne2 Rfe8 15.
Rg1 Bc4 16. f3 a5 17. O-O-O Bxa2 18. g5 Nf5 19. Qf2 a4 20. Nf4 Bxf4 21. Bxf4 Nd6
22. Bd3 b3 23. Qc5 bxc2 24. Bxc2 Nb5 25. Bd3 Bb3 26. Rd2 Qe6 27. h4 a3 28. bxa3
Nxa3 29. h5 Bc4 30. h6 Bxd3 31. Rxd3 Nb5 32. Rgd1 Ra2 33. Qb4 g6 34. Kb1 Rf2 35.
R1d2 Rf1+ 36. Rd1 Rxd1+ 37. Rxd1 f6 38. Rd3 Ra8 39. Kc2 Qa2+ 40. Kd1 Qf2 41. Bc1
Qf1+ 42. Kc2 Ra2+ 43. Bb2 Rxb2+ 44. Qxb2 Qe2+ 45. Rd2 Qc4+ 46. Kd1 Qf1+ 47. Kc2
Qc4+ 1/2-1/2

[Event "AUTO-ELITE-89"]
[Site "http://www.queenalice.com/game.php?id=223435"]
[Date "2007.6.11"]
[Round "2"]
[White "vlad"]
[Black "Skipslot"]
[Result "0-1"]
[WhiteElo "2489"]
[BlackElo "2322"]

1. e4 e5 2. Nf3 Nc6 3. Bb5 a6 4. Ba4 Nf6 5. O-O Be7 6. Re1 b5 7. Bb3 O-O 8. h3
Bb7 9. d3 d6 10. a3 Na5 11. Ba2 c5 12. Nbd2 Nc6 13. Nf1 Bc8 14. c3 Be6 15. Bxe6
fxe6 16. Ng3 Qe8 17. b4 Nh5 18. Nxh5 Qxh5 19. Qe2 Rab8 20. Be3 Qg6 21. Kh2 Rfc8
22. bxc5 dxc5 23. Qa2 Bd6 24. Rab1 Na5 25. Nd2 Rf8 26. Rec1 Qe8 27. a4 Nc6 28.
g3 Rf7 29. Nb3 Qf8 30. Kg2 Rfb7 31. Nd2 Qe7 32. Ra1 b4 33. cxb4 Rxb4 34. Rab1
Na5 35. Rc3 h6 36. Qc2 Rxb1 37. Nxb1 Nc6 38. Nd2 Nb4 39. Qd1 Nc6 40. Qc1 Nd4 41.
Bxd4 exd4 42. Rb3 Rxb3 43. Nxb3 Kf7 44. Qc4 Qa7 45. f4 g6 46. Kf3 Be7 0-1

[Event "lets get it on"]
[Site "http://www.queenalice.com/game.php?id=236337"]
[Date "2007.7.8"]
[Round "-"]
[White "Skipslot"]
[Black "mister"]
[Result "1-0"]
[WhiteElo "2300"]
[BlackElo "2275"]

1. e4 c5 2. Nf3 d6 3. d4 cxd4 4. Nxd4 Nf6 5. Nc3 a6 6. Be3 e5 7. Nb3 Be6 8. f3
Nbd7 9. g4 Nb6 10. g5 Nh5 11. Qd2 Rc8 12. O-O-O Be7 13. Kb1 O-O 14. Rg1 Qc7 15.
Qf2 Nc4 16. Bxc4 Qxc4 17. Nd5 Bd8 18. Rd3 a5 19. Nc1 a4 20. Qd2 f5 21. gxf6 Nxf6
22. b3 axb3 23. axb3 Qc6 24. Nxf6+ Rxf6 25. Rxd6 Qe8 26. Bh6 Rg6 27. Rxg6 hxg6
28. Be3 Bc7 29. Rd3 Qf8 30. Qg2 Kh7 31. Qf2 Bd8 32. Na2 Bf6 33. Nc3 Ra8 34. Bc5
Qe8 35. Kb2 Ra6 36. Ba3 Qa8 37. Rd6 g5 38. Na4 Rxd6 39. Bxd6 Bf7 40. Nc5 Qe8 41.
Nd3 Qb5 42. Bb4 Bg8 43. Qg1 Bf7 44. Qg4 Kg8 45. Qc8+ Kh7 46. Kc3 Qb6 47. Kd2 Be6
48. Qc5 Qxc5 49. Nxc5 Bc8 50. Nd3 g4 51. Ke2 gxf3+ 52. Kxf3 Kg6 53. Bd6 b5 54.
Bxe5 Bd8 55. Nb4 Kf7 56. Nd5 Bd7 57. Ke3 g6 58. Kd4 Ke6 59. Nf4+ Kf7 60. Kc5 Bg4
61. Kxb5 Bf3 62. b4 Bxe4 63. Nd3 Bb7 64. Kc5 Ke6 65. b5 Be4 66. b6 Be7+ 67. Kd4
Bb7 68. Nf4+ Kf5 69. c4 Ba3 70. Nd3 Be7 71. c5 Ke6 72. Nb4 Kd7 73. Kc4 1-0